The History of Archtecture in India (Record no. 840)
[ view plain ]
| 000 -LEADER | |
|---|---|
| fixed length control field | 00292nam a2200109Ia 4500 |
| 008 - FIXED-LENGTH DATA ELEMENTS--GENERAL INFORMATION | |
| fixed length control field | 200302s9999 xx 000 0 und d |
| 100 ## - MAIN ENTRY--PERSONAL NAME | |
| Personal name | Christopher Tadgell |
| 245 ## - TITLE STATEMENT | |
| Title | The History of Archtecture in India |
| 260 ## - PUBLICATION, DISTRIBUTION, ETC. | |
| Name of publisher, distributor, etc. | Architecture Design & Technology Press |
| 260 ## - PUBLICATION, DISTRIBUTION, ETC. | |
| Date of publication, distribution, etc. | 1990 |
| 300 ## - PHYSICAL DESCRIPTION | |
| Extent | 336 P., |
| Withdrawn status | Lost status | Damaged status | Not for loan | Permanent Location | Current Location | Date acquired | Cost, normal purchase price | Full call number | Barcode | Date last seen | Price effective from | Koha item type | Source of classification or shelving scheme | Total Checkouts | Date last checked out |
|---|---|---|---|---|---|---|---|---|---|---|---|---|---|---|---|
| BMS College of Architecture, Design and Planning | BMS College of Architecture, Design and Planning | 2020-03-03 | 1595.00 | 722.4 | CL-UG32965 | 2020-03-03 | 2020-03-03 | UG Books from CL | |||||||
| BMS College of Architecture, Design and Planning | BMS College of Architecture, Design and Planning | 2020-12-09 | 722.4 | AR-UG1962 | 2022-09-29 | 2020-12-09 | UG Books | 1 | 2022-09-19 |